| 000 | 02317cam a22005174a 4500 | ||
|---|---|---|---|
| 001 | 200442148 | ||
| 999 |
_c200442148 _d60360 |
||
| 003 | TR-AnTOB | ||
| 005 | 20250801115107.0 | ||
| 007 | ta | ||
| 008 | 030328s2002 gw a b 100 0 eng | ||
| 016 | 7 |
_a965191109 _2GyFmDB |
|
| 020 | _a9783885793441 | ||
| 020 | _a388579344X | ||
| 035 | _a(OCoLC)52766603 | ||
| 040 |
_aDNLM _beng _erda _cDNLM _dTR-AnTOB |
||
| 041 | 0 | _aeng | |
| 042 |
_apcc _anlmcopyc |
||
| 060 | 0 | 0 |
_aW 26.5 _bC7484m 2002 |
| 072 | 7 |
_aR _2lcco |
|
| 096 |
_aW26.5 _bC7484m 2002 |
||
| 111 | 2 |
_aConference on Mobile Computing in Medicine _n(2nd : _d2002 : _cHeidelberg, Germany) _9131554 |
|
| 245 | 1 | 0 |
_aMobile computing in medicine / _cSecond Conference on Mobile Computing in Medicine, 11.04.2002 in Heidelberg, Germany ; Hans-Bernd Bludau, Andreas Koop (Hrsg.). |
| 264 | 1 |
_aBonn : _bGesellschaft für Informatik, _c[2002] |
|
| 264 | 4 | _cc2002. | |
| 300 |
_a236 pages : _billustrations ; _c24 cm. |
||
| 336 |
_atext _btxt _2rdacontent |
||
| 337 |
_aunmediated _bn _2rdamedia |
||
| 338 |
_avolume _bnc _2rdacarrier |
||
| 490 | 1 |
_aGI-Edition. Proceedings, _x1617-5468 ; _vv. P-15 |
|
| 500 | _a"Workshop of the project group MoCoMed, GMDS-Fachbereich Medizinische Informatik & GI-Fachausschuss 4.7, 11.04.2002, Heidelberg"--Cover p. [1]. | ||
| 504 | _aIncludes bibliographical references. | ||
| 650 | 1 | 2 |
_aDelivery of Health Care _xtrends _0https://id.nlm.nih.gov/mesh/D003695Q000639 _9117292 |
| 650 | 1 | 2 |
_aMedical Informatics _xtrends _0https://id.nlm.nih.gov/mesh/D008490Q000639 _9131557 |
| 650 | 2 | 2 |
_aCell Phone _0https://id.nlm.nih.gov/mesh/D040421 |
| 650 | 2 | 2 |
_aComputers, Handheld _0https://id.nlm.nih.gov/mesh/D034201 |
| 655 | 2 |
_aCongress _0https://id.nlm.nih.gov/mesh/D016423 _9131551 |
|
| 700 | 1 |
_aBludau, Hans-Bernd _9131558 _eEditor |
|
| 700 | 1 |
_aKoop, Andreas, _9131559 _d1970- _eeditor |
|
| 710 | 2 |
_aDeutsche Gesellschaft für Medizinische Informatik, Biometric und Epidemiologie. _bMoCoMed _9131561 |
|
| 710 | 2 |
_aDeutsche Gesellschaft für Medizinische Informatik, Biometric und Epidemiologie. _bFachbereich Medizinische Informatik _9131562 |
|
| 710 | 2 |
_aGesellschaft für Informatik. _bFachausschuss 4.7 _9131563 |
|
| 830 | 0 |
_aGI-Edition. _pProceedings, _vv. P-15. |
|
| 942 |
_2NLM _cBK |
||